[Event "BEL-chT 1112"]
[Site "Belgium"]
[Date "2012.04.01"]
[Round "11.7"]
[White "Ismaili, Afrim"]
[Black "Van de Wynkele, Herman"]
[Result "1/2-1/2"]
[WhiteElo "2162"]
[BlackElo "2044"]
[PlyCount "73"]
[EventDate "2011.10.09"]
[EventType "team-tourn"]
[EventRounds "11"]
[EventCountry "BEL"]
[SourceTitle "EXT 2013"]
[Source "ChessBase"]
[SourceDate "2012.11.22"]
[SourceVersion "1"]
[SourceVersionDate "2012.11.22"]
[SourceQuality "1"]
[WhiteTeam "Bruges"]
[BlackTeam "Jean Jaures"]
[WhiteTeamCountry "BEL"]
[BlackTeamCountry "BEL"]

1. d4 g6 2. e4 Bg7 3. Nf3 d6 4. c4 Nf6 5. Nc3 0-0 6. Be2 Nbd7 7. Qc2 e5 8. dxe5 dxe5 9. a4 a5 10. 0-0 c6 11. Be3 Qe7 12. Rad1 Nc5 13. b3 Bg4 14. Qb1 Rfe8 15. Rd2 Bf8 16. h3 Bxf3 17. Bxf3 Qc7 18. Qc2 Qb6 19. Rb1 Rad8 20. Rdd1 Rxd1+ 21. Bxd1 Rd8 22. Be2 Qc7 23. b4 axb4 24. Rxb4 Rd7 25. Rb1 Ne6 26. Bb6 Qd6 27. Qb2 Qd2 28. Qxd2 Rxd2 29. Ba5 Rd7 30. Kf1 Bc5 31. f3 Nh5 32. Ke1 Nef4 33. Bf1 Ng3 34. Nd1 Kf8 35. Nf2 Ke7 36. Rb3 Ke6 37. Nd3 1/2-1/2